Národohospodářské účinky reformy nepřímých daní v ČSFR
Enregistré dans:
| Auteur principal: | |
|---|---|
| Autres auteurs: | , |
| Format: | Livre |
| Langue: | tchèque |
| Publié: |
Praha
Ústřední ústav národohospodářského výzkumu
1991
|
| Édition: | 1. vyd. |
| Tags: |
Pas de tags, Soyez le premier à ajouter un tag!
|
MARC
| LEADER | 00000nam a2200000 4500 | ||
|---|---|---|---|
| 001 | c024479 | ||
| 005 | 20221214094302.2 | ||
| 041 | 0 | |a cze | |
| 044 | |a CZ | ||
| 245 | 1 | 0 | |a Národohospodářské účinky reformy nepřímých daní v ČSFR |c Josef Mervart, Marie Vavrejnová, Karel Galgonek |
| 250 | |a 1. vyd. | ||
| 264 | 1 | |a Praha |b Ústřední ústav národohospodářského výzkumu |c 1991 | |
| 300 | |a 49 s. | ||
| 100 | 1 | |a Mervart, Josef | |
| 700 | 1 | |a Vavrejnová, Marie | |
| 700 | 1 | |a Galgonek, Karel | |